Statistics for African, Caribbean and Pacific Group of States (ACP) Member States

Click here to take the quiz!

General Stats

  • This quiz has been taken 21 times
  • The average score is 59 of 79

Answer Stats

GroupAnswer% Correct
PacificNauru
94%
PacificPalau
89%
PacificFederated States of Micronesia
89%
CaribbeanGrenada
89%
CaribbeanJamaica
89%
CaribbeanTrinidad and Tobago
89%
CEMACRepublic of the Congo
83%
CaribbeanSaint Vincent and the Grenadines
83%
CEMACGabon
83%
CaribbeanSaint Lucia
83%
ECOWASBenin
83%
CaribbeanSaint Kitts and Nevis
83%
CaribbeanHaiti
83%
CaribbeanDominica
83%
CaribbeanAntigua and Barbuda
83%
SADCSouth Africa
83%
ECOWASBurkina Faso
83%
CEMACDemocratic Republic of the Congo
83%
ECOWASCôte d'Ivoire
83%
PacificKiribati
83%
PacificMarshall Islands
83%
ECOWASNigeria
83%
ECOWASNiger
83%
ECOWASMali
83%
PacificSolomon Islands
83%
ECOWASGhana
83%
CEMACCameroon
83%
PacificFiji
78%
SADCAngola
78%
SADCBotswana
78%
SADCNamibia
78%
PacificTuvalu
78%
CaribbeanDominican Republic
78%
SADCSwaziland
78%
CaribbeanBarbados
78%
CaribbeanCuba
78%
PacificTonga
78%
PacificSamoa
78%
COMESAZimbabwe
78%
COMESAZambia
78%
COMESASudan
78%
EACUganda
78%
ECOWASGuinea
78%
ECOWASGuinea-Bissau
78%
ECOWASLiberia
78%
ECOWASSenegal
78%
ECOWASSierra Leone
78%
ECOWASTogo
78%
CEMACChad
78%
CEMACEquatorial Guinea
78%
EACKenya
78%
EACTanzania
78%
PacificVanuatu
78%
COMESAMadagascar
78%
COMESAEthiopia
78%
COMESAMalawi
78%
ECOWASCape Verde
72%
SADCLesotho
72%
SADCMozambique
72%
ECOWASMauritania
72%
COMESADjibouti
72%
CEMACCentral African Republic
72%
EACBurundi
72%
COMESAEritrea
72%
CEMACSão Tomé and Príncipe
72%
EACRwanda
72%
COMESASomalia
67%
COMESASeychelles
67%
COMESAComoros
67%
COMESAMauritius
61%
PacificPapua New Guinea
61%
CaribbeanBelize
61%
PacificNiue
50%
CaribbeanGuyana
50%
CaribbeanSuriname
44%
PacificCook Islands
44%
ECOWASThe Gambia
33%
CaribbeanThe Bahamas
28%
PacificTimor-Leste
6%

Score Distribution

Percentile by Number Answered

Percent of People with Each Score

Your Score History

You have not taken this quiz